Bilecik Bilecik Bilecik Bilecik Bilecik

Gazzali/ (Record no. 74192)

MARC details
000 -BAŞLIK
Sabit Uzunluktaki Kontrol Alanı 01294nam a22003737a 4500
001 - KONTROL NUMARASI
Control Dosyası 0073437
003 - KONTROL NUMARASI KİMLİĞİ
Kontrol Alanı KOHA_MİRAKIL
005 - EN SON İŞLEM TARİHİ ve ZAMANI
Kontrol Alanı 20260207005138.0
007 - FİZİKSEL TANIM SABİT ALAN - GENEL BİLGİ
Sabit uzunluklu kontrol alanı ta
008 - SABİT UZUNLUKTAKİ VERİ ÖGELERİ - GENEL BİLGİ
Sabit Alan 250314b2017 tu |||gr||||#0|||0|tur |
020 ## - ISBN - ULUSLARARASI STANDART KİTAP NUMARASI
Isbn 9789751966179
040 ## - KATALOGLAMA KAYNAĞI
Özgün Kataloglama Kurumu TR-BiSEU
Kataloglama Dili tur
Çeviri Kurumu TR-BiSEU
Açıklama Kuralları rda
041 0# - DİL KODU
Metin ya da ses kaydının dil kodu tur
044 ## - YAYINLAYAN/ÜRETEN KURULUŞUN ÜLKE KODU
ISO country code tu
050 ## - SINIFLAMA ve YER NUMARASI
Sınıflama Numarası B753.G3
Yer Numarası C34 2017
100 1# - KİŞİ ADI
Yazar Adı (Kişi adı) Çağrıcı, Mustafa.
245 1# - ESER ADI BİLDİRİMİ
Başlık Gazzali/
Sorumluluk Bildirimi Mustafa Çağrıcı ; Mustafa Çağrıcı.
250 ## - BASIM BİLDİRİMİ
Basım Bildirimi 2. baskı
264 #1 - ÜRERİM, YAYIN, DAĞITIM ve TELİF BİLDİRİMİ
Yayın yeri Ankara :
Yayınlayan Diyanet İşleri Başkanlığı
Yayın tarihi 2017
300 ## - FİZİKSEL TANIMLAMA
Sayfa, Cilt vb. 95 sayfa; 21 cm.
336 ## - İÇERİK TÜRÜ
Content type term metin
Content type code txt
Source rdacontent
337 ## - MEDYA TÜRÜ
Media type term aracısız
Media type code n
Source rdamedia
338 ## - TAŞIYICI TÜRÜ
Carrier type term cilt
Carrier type code nc
Source rdacarrier
490 1# - DİZİ BİLDİRİMİ
Dizi Bildirimi Diyanet İşleri Başkanlığı yayınları ;
Cilt Numarası 1277.
490 1# - DİZİ BİLDİRİMİ
Dizi Bildirimi İlmi eserler ;
Cilt Numarası 197
650 #0 - KONU BAŞLIĞI EK GİRİŞ - KONU TERİMİ
Konusal terim veya coğrafi ad Gazzali--Biyografya.
9 (RLIN) 147844
650 #0 - KONU BAŞLIĞI EK GİRİŞ - KONU TERİMİ
Konusal terim veya coğrafi ad Gazzali'yi yetiştiren siyası ve kültürel ortam.
9 (RLIN) 147845
650 #0 - KONU BAŞLIĞI EK GİRİŞ - KONU TERİMİ
Konusal terim veya coğrafi ad İlmi ve fikri şahsiyeti.
9 (RLIN) 147846
650 #0 - KONU BAŞLIĞI EK GİRİŞ - KONU TERİMİ
Konusal terim veya coğrafi ad Ghazali--Biography.Political and cultural environment that raised Ghazali.His scientific and intellectual personality.
9 (RLIN) 147847
830 1# - SERİ EK GİRİŞİ - TEKBİÇİM ESER ADI
Tekbiçim Başlık Diyanet İşleri Başkanlığı yayınları ;
Volume number/sequential designation 1277.
9 (RLIN) 6259
830 1# - SERİ EK GİRİŞİ - TEKBİÇİM ESER ADI
Tekbiçim Başlık İlmi eserler ;
Volume number/sequential designation 197
9 (RLIN) 41183
907 ## - LOCAL DATA ELEMENT G, LDG (RLIN)
a Biyografi
942 ## - EK GİRİŞ ÖGELERİ (KOHA)
Source of classification or shelving scheme Library of Congress Classification
Koha item type Book
Holdings
Materyal Türü Kalıcı Konum Mevcut Konum Raf Yeri Sınıflandırma Kaynağı Edinim Bilgisi Ana Konular Alt Konular Yer Numarası Demirbaş Numarası Fatura Tarihi Geri Çekilme Durumu Kayıp Durumu Hasarlı Durumu Kredi için değil Kayıt Tarih Toplam Ödünçverme Son Görülme Tarihi Son Kontrol Tarihi Genel / Bağış Notu
Book Prof. Dr. Azmi Özcan Kütüphanesi Prof. Dr. Azmi Özcan Kütüphanesi Uluğbey Salonu Library of Congress Classification Bağış FELSEFE, PSİKOLOJİ, DİN Felsefe (Genel) B753.G3 C34 2017 0073437 02/02/2026         14/03/2025   20/05/2025 20/05/2025 Enes VELİ , Akademisyen